000 00443nam a22001817a 4500
005 20230217130514.0
008 230216b |||||||| |||| 00| 0 eng d
020 _a81-8416-052-6
041 _aeng
082 _a615.3 GOY-P
100 _aGOYAL ,Dr. RAMESH. K
_97521
245 _aPHARMACOGNOSY
250 _a16th ed.
260 _bB.S.SHAH PRAKASHAN
_c2017-2018
300 _a522;P.
650 _aPHARMACY
_xD.PHARMA
_97522
942 _cBK
999 _c8233
_d8231